[Event "Elista ol (Men)"]
[Site "Elista"]
[Date "1998.10.12"]
[Round "13"]
[White "Maherramzade, Javad"]
[Black "Bagaturov, Giorgi"]
[Result "*"]
[WhiteElo "2440"]
[BlackElo "2540"]

1.d4 Nf6 2.Nf3 g6 3.c4 Bg7 4.g3 O-O 5.Bg2 d6 6.Nc3 Nc6 7.O-O a6 8.b3 Rb8
9.Nd5 Nh5 10.Bb2 e6 11.Nf4 Nxf4 12.gxf4 Ne7 13.Qd2 d5 14.Rac1 Nf5 15.cxd5 exd5
16.Qa5 c6 17.Qxd8 Rxd8 18.e3 Bf8 19.Rfd1 a5 20.a4 f6 21.Ra1 h6 22.h4 Nd6
23.Ba3 Bg4 24.Bxd6 Bxd6 25.Kh2 g5 26.Kg3 Bf5 27.hxg5 hxg5 28.Bh3 gxf4+ 29.exf4 Bxh3
30.Kxh3 Bxf4 31.Kg4 Bc7 32.Rh1 Kg7 33.Kf5 Rh8 34.Rae1 Kf7 35.Rh4 Rxh4 36.Nxh4 Rh8
37.Nf3 Rh5+ 38.Kg4 Rh8 39.Kf5 Bd6 40.Rg1 Bb4 41.Rg2 c5 42.Rg1 c4 43.bxc4 dxc4
44.d5 c3 45.Rc1 Rc8 46.Ke4 Rc4+ 47.Kd3 Rf4 48.Ke3 Rg4 49.Kd3 Ke7 50.Nd4 Kd6
51.f3 Rg2 52.Kc4 Rg8 53.Nb5+ Ke5 54.Re1+ Kf4 55.Nd4 Rc8+ 56.Kd3 Kg3 57.Nc2 Bd6
58.Rb1 Bb4  *

[Event "NRW Sportland Cup Masters"]
[Site "Senden"]
[Date "1998.10.12"]
[Round "5"]
[White "Streich, Gerhard"]
[Black "Junk, Andreas"]
[Result "1-0"]
[WhiteElo "2200"]
[BlackElo "1605"]

1.Nf3 Nf6 2.g3 g6 3.d4 Bg7 4.c4 O-O 5.Bg2 d6 6.Nc3 c6 7.O-O Nbd7 8.e4 Qc7
9.h3 a5 10.Be3 e5 11.Qc2 Rb8 12.Rad1 b5 13.c5 Ne8 14.cxd6 Nxd6 15.Nd5 Qd8
16.Qxc6 Nxe4 17.dxe5 f5 18.e6 Ndf6 19.e7  1-0

[Event "NRW Sportland Cup Masters"]
[Site "Senden"]
[Date "1998.10.13"]
[Round "6"]
[White "Streich, Gerhard"]
[Black "Straeter, Timo"]
[Result "1-0"]
[WhiteElo "2200"]
[BlackElo "2340"]

1.Nf3 Nf6 2.g3 g6 3.Bg2 Bg7 4.d4 O-O 5.c4 d6 6.Nc3 Nbd7 7.O-O e5 8.e4 c6
9.Rb1 exd4 10.Nxd4 Re8 11.h3 Nc5 12.Re1 a5 13.Bf4 Qe7 14.Nb3 Rd8 15.Qe2 Nfd7
16.Rbd1 Ne5 17.Nd4 Re8 18.Be3 h5 19.f4 Ned7 20.Bf2 Nf6 21.Qd2 h4 22.g4 Bxg4
23.hxg4 Nxg4 24.Bh3 Nxf2 25.Qxf2 a4 26.a3 Qf6 27.Bg2 Re7 28.Nde2 h3 29.Bh1 Rae8
30.Qg3 Qe6 31.Kh2 Qxc4 32.Rxd6 Re5 33.Red1 Rh5 34.Bf3 Rh6 35.Rd8 Rxd8 36.Rxd8+ Kh7
37.e5 Qb3 38.Rd2 Ne6 39.Ne4 Qe3 40.Rd7 Kg8 41.Qf2 Qb3 42.Nd6 Nxf4 43.Nxf7 Qxb2
44.Nxh6+ Bxh6 45.Qd4  1-0

[Event "SVK-chT2A 9899"]
[Site "SVK"]
[Date "1998.10.17"]
[Round "1"]
[White "Pagac, Kvetoslav"]
[Black "Soltes, Milan"]
[Result "1-0"]
[WhiteElo "2074"]
[BlackElo "1820"]

1.d4 Nf6 2.c4 g6 3.Nf3 Bg7 4.g3 O-O 5.Bg2 d6 6.Nc3 Nbd7 7.O-O c6 8.e4 e5
9.h3 Qc7 10.Be3 Re8 11.Qc2 Nb6 12.b3 Bd7 13.Rad1 Rad8 14.Rd2 c5 15.d5 a6
16.Nh4 Nh5 17.Ne2 Bf6 18.Nf3 Bh8 19.g4 Nf6 20.Ng3 Rf8 21.Nh2 Nc8 22.f4 Ne8
23.f5 b5 24.Rdf2 f6 25.g5 bxc4 26.bxc4 gxf5 27.Nxf5 Bxf5 28.Rxf5 Ne7 29.R5f3 Ng6
30.Ng4 fxg5 31.Rxf8+ Nxf8 32.Nh6+  1-0

[Event "BL2-O9899"]
[Site "Germany"]
[Date "1998.10.18"]
[Round "1.8"]
[White "Eder, Patrick"]
[Black "Franz, Torsten"]
[Result "1-0"]
[WhiteElo "2195"]
[BlackElo "2240"]

1.d4 g6 2.Nf3 Bg7 3.c4 d6 4.g3 Nf6 5.Bg2 O-O 6.O-O c6 7.Nc3 Qc7 8.h3 e5 9.e4 Nbd7
10.Re1 Re8 11.Be3 b6 12.Rc1 Bb7 13.b4 a6 14.c5 bxc5 15.bxc5 dxc5 16.dxe5 Nxe5
17.Nxe5 Qxe5 18.Qb3 Bc8 19.f4 Qc7 20.Bxc5 Be6 21.Qa4 Nd7 22.Bf2 c5 23.e5 Rab8
24.Qxa6 Rb2 25.Nb5 Qb8 26.a4 Bf8 27.Rb1 Rxb1 28.Rxb1 c4 29.Nc3 Qc7 30.Rb7 Qc8
31.Qa7 Bc5 32.Bxc5 Qxc5+ 33.Qxc5 Nxc5 34.Rc7 Nb3 35.Bd5 Bxd5 36.Nxd5 Rd8
37.Nf6+ Kg7 38.Rxc4 Rd1+ 39.Kf2 Rd2+ 40.Ke3 Ra2 41.Ne4 Na5 42.Rc7 Kf8 43.Nd6 Ra3+
44.Kf2 Ra2+ 45.Kf3 Nb3 46.Rxf7+ Kg8 47.Ra7 Nc5 48.a5 h5 49.Ne8 Ra3+ 50.Ke2 Ne4
51.Nf6+ Nxf6 52.exf6 Rxg3 53.Rg7+ Kf8 54.a6 Rxh3 55.a7 Ra3 56.Rb7  1-0

[Event "SVK-chT2A 9899"]
[Site "SVK"]
[Date "1998.10.18"]
[Round "2"]
[White "Pagac, Kvetoslav"]
[Black "Rezak, Milan"]
[Result "1-0"]
[WhiteElo "2074"]
[BlackElo "2041"]

1.d4 Nf6 2.c4 g6 3.Nf3 Bg7 4.g3 O-O 5.Bg2 d6 6.O-O Nbd7 7.Nc3 e5 8.e4 a6
9.h3 Rb8 10.a4 Re8 11.Be3 exd4 12.Nxd4 Nc5 13.Qc2 Qe7 14.Rfe1 h6 15.f3 Nh5
16.Kh2 Ne6 17.Nde2 Kh7 18.f4 Nf6 19.f5 Nc5 20.Bxc5 dxc5 21.Nf4 Qe5 22.Nd3 Qd4
23.Ne2 Qe3 24.Nef4 Qd4 25.Ne2 Qe3 26.Nef4 Qd4 27.fxg6+ fxg6 28.Ne2 Qd8 29.Rad1 Qe7
30.Nef4 c6 31.e5 Nd7 32.Nxg6 Qf7 33.Ndf4 Nb6 34.Ne7+  1-0

[Event "BL9899 (Women)"]
[Site "Germany"]
[Date "1998.10.24"]
[Round "1.4"]
[White "Mueller, Andrea"]
[Black "Barthel, Bergit"]
[Result "0-1"]
[WhiteElo "2155"]
[BlackElo "2100"]

1.d4 Nf6 2.c4 g6 3.Nf3 Bg7 4.g3 O-O 5.Bg2 d6 6.O-O Nc6 7.Nc3 e5 8.d5 Ne7
9.e4 Nd7 10.Qc2 f5 11.Ng5 Nf6 12.f4 exf4 13.Bxf4 Ng4 14.Nf3 c6 15.c5 fxe4
16.Nxe4 Nxd5 17.Bg5 Qa5 18.Nxd6 Be6 19.Rae1 Nb4 20.Qd2 Qxc5+ 21.Kh1 Bd5 22.Be7 Qc2
23.Qxb4 Bxf3 24.Bxf3 Qxh2+  0-1

[Event "BL9899 (Women)"]
[Site "Germany"]
[Date "1998.10.25"]
[Round "2.1"]
[White "Bobrowska, Monika"]
[Black "Bielicki, Birke"]
[Result "1-0"]
[WhiteElo "2470"]
[BlackElo "2165"]

1.Nf3 Nf6 2.d4 g6 3.c4 Bg7 4.g3 O-O 5.Bg2 d6 6.O-O Nbd7 7.Qc2 e5 8.Rd1 Qe7
9.Nc3 Nb6 10.b3 Bf5 11.e4 exd4 12.Nxd4 Bg4 13.f3 Bd7 14.Be3 d5 15.cxd5 Nfxd5
16.Nxd5 Nxd5 17.Bf2 c5 18.exd5 cxd4 19.Bxd4 Rac8 20.Qf2 Bxd4 21.Rxd4 Qa3
22.Rad1 Rc3 23.h4 Rfc8 24.R4d2 b6 25.d6 Rc1 26.Kh2 Qc5 27.Rxc1 Qxc1 28.f4 Qb1
29.Qd4 Qe1 30.Qf2 Qb1 31.Qf1 Rc1 32.Qf3 Kg7 33.Qb7 Rc3 34.Qd5 Qc1 35.Re2 Kg8
36.Re7 Be6 37.Rxe6 fxe6 38.Qxe6+ Kg7 39.d7 Rd3 40.Qe7+ Kh6 41.Qf8+  1-0

[Event "Hampstead GM4"]
[Site "Hampstead"]
[Date "1998.10.26"]
[Round "1"]
[White "Ippolito, Dean"]
[Black "Groszpeter, Attila"]
[Result "1/2-1/2"]
[WhiteElo "2430"]
[BlackElo "2505"]

1.d4 Nf6 2.c4 g6 3.Nf3 Bg7 4.g3 O-O 5.Bg2 d6 6.O-O c6 7.Nc3 Bg4 8.e4 Nbd7
9.h3 Bxf3 10.Qxf3 Qa5 11.Rd1 Rac8 12.Qe2 a6 13.Bd2 Qc7 14.Rac1 e5 15.Be3 exd4
16.Bxd4 Rfe8 17.Qd2 Rcd8  1/2-1/2

[Event "Wch U16 Girls"]
[Site "Oropesa del Mar"]
[Date "1998.10.26"]
[Round "2"]
[White "Goczo, Melinda"]
[Black "Chu, Stefanie"]
[Result "1-0"]
[WhiteElo "2185"]
[BlackElo "2020"]

1.d4 Nf6 2.Nf3 g6 3.c4 Bg7 4.g3 O-O 5.Bg2 d6 6.O-O Nc6 7.d5 Na5 8.Nfd2 c6
9.Nc3 Bf5 10.e4 Bg4 11.Qa4 cxd5 12.cxd5 Rc8 13.Rb1 Nd7 14.h3 Nc5 15.Qa3 Bd7
16.b4 Na6 17.Ne2 Nc4 18.Nxc4 Rxc4 19.Be3 Bb5 20.Rfd1 Rxb4 21.Nc3 Rxb1 22.Rxb1 Bd3
23.Rd1 Bc4 24.Bxa7 Qc7 25.Rc1 Nc5 26.Na4 Nxa4 27.Qxa4 Rc8 28.Bf1 b5 29.Qa6 Ra8
30.Qxb5 Qxa7 31.Bxc4 Bd4 32.Rc2 Rb8 33.Qa6 Qd7 34.Kg2 f5 35.Qc6 Qa7 36.exf5 gxf5
37.Bd3 Kf8 38.Qc7 Qa3 39.Qc4 Qa7 40.Re2 Be5 41.Bxf5  1-0

[Event "Wch U18 Girls"]
[Site "Oropesa del Mar"]
[Date "1998.10.29"]
[Round "4"]
[White "Xu Yuanyuan"]
[Black "Goletiani, Rusudan"]
[Result "0-1"]
[WhiteElo "2240"]
[BlackElo "2280"]

1.d4 Nf6 2.c4 d6 3.Nf3 g6 4.g3 Bg7 5.Bg2 O-O 6.O-O Nbd7 7.Nc3 c6 8.e4 e5
9.h3 Re8 10.Be3 Qe7 11.Qc2 a6 12.b4 b5 13.c5 dxc5 14.dxc5 a5 15.a3 Nf8 16.Rad1 Nh5
17.Rd6 Qc7 18.Nd2 Ne6 19.Nb3 a4 20.Na5 Bd7 21.Qd2 Red8 22.Ne2 Bf8 23.Rd3 Be8
24.Rd1 Rxd3 25.Qxd3 Rd8 26.Qc2 Rxd1+ 27.Qxd1 Nxc5 28.g4 Ng7 29.f4 Na6 30.fxe5 c5
31.Nf4 cxb4 32.Nd5 Qxa5  0-1

[Event "Bourbon Lancy op"]
[Site "Bourbon Lancy"]
[Date "1998.10.30"]
[Round "8"]
[White "Vareille, Francois"]
[Black "Safranska, Anda"]
[Result "1-0"]
[WhiteElo "2410"]
[BlackElo "2275"]

1.d4 Nf6 2.Nf3 g6 3.c4 Bg7 4.g3 O-O 5.Bg2 d6 6.Nc3 Nc6 7.d5 Na5 8.Nd2 c5
9.Qc2 Rb8 10.b3 e6 11.Bb2 exd5 12.cxd5 b5 13.O-O Re8 14.Rfe1 b4 15.Nce4 Nxe4
16.Nxe4 Bf5 17.Bxg7 Kxg7 18.Qb2+ f6 19.Nd2 Bd7 20.e4 Bb5 21.a3 a6 22.a4 c4
23.axb5 c3 24.Qa2 cxd2 25.Reb1 Rxb5 26.Qxd2 Qb6 27.Ra4 Rc8 28.Bf1 Rc3 29.Bxb5 Qxb5
30.Qd4 Nxb3 31.Qa7+ Kh6 32.Qxa6 Qc5 33.Qc6 Qd4 34.Qxd6 Rf3 35.Rf1 Nc5 36.Qf8+ Kg5
37.Ra2 Nxe4 38.Kg2 b3 39.Re2 Nc3 40.h4+ Kh5 41.Qe7 Kh6 42.Kxf3 Qxd5+ 43.Ke3 Qc4
44.Rd2 Qxf1 45.Qf8+ Kh5 46.Qc5+  1-0

[Event "Chigorin mem"]
[Site "St. Petersburg"]
[Date "1998.11.01"]
[Round "2"]
[White "Vaulin, Alexander"]
[Black "Solovjov, Sergey"]
[Result "1/2-1/2"]
[WhiteElo "2550"]
[BlackElo "2420"]

1.d4 Nf6 2.Nf3 g6 3.c4 Bg7 4.g3 O-O 5.Bg2 d6 6.Nc3 c6 7.O-O Qa5 8.e4 e5 9.Re1 Bg4
10.d5 cxd5 11.cxd5 b5 12.a3 b4 13.Na2 bxa3 14.Nc3 Qb6 15.Rxa3 Na6 16.Be3 Qb7
17.Qd2 Rfc8 18.Rea1 Nc5 19.Bxc5 Rxc5 20.Ne1 Bd7 21.h3  1/2-1/2

[Event "Corsican op"]
[Site "Bastia"]
[Date "1998.11.02"]
[Round "5"]
[White "Dizdar, Goran"]
[Black "Giffard, Nicolas"]
[Result "1-0"]
[WhiteElo "2570"]
[BlackElo "2375"]

1.d4 Nf6 2.Nf3 g6 3.c4 Bg7 4.g3 O-O 5.Bg2 d6 6.O-O Nc6 7.d5 Na5 8.Nfd2 c6
9.a3 Nd7 10.Ra2 Nb6 11.b3 cxd5 12.cxd5 e6 13.b4 Nac4 14.Nxc4 Nxc4 15.dxe6 fxe6
16.Nd2 Nb6 17.Ne4 d5 18.Bg5 Qd7 19.Nc5 Qf7 20.Rd2 Bd7 21.e4 Bb5 22.Re1 h6
23.Be3 Bc6 24.Nxe6 Qxe6 25.exd5 Nxd5 26.Rxd5 Qf6 27.Rd6 Qf7 28.Bxc6 bxc6
29.Rxc6 Rae8 30.Qc2 Kh7 31.Rd1 Be5 32.Qc4 Qf5 33.Rd5 Rf7 34.Qd3 Qf3 35.Qxg6+  1-0

[Event "Wch U16"]
[Site "Oropesa del Mar"]
[Date "1998.11.02"]
[Round "7"]
[White "Royz, Michael"]
[Black "Shavtvaladze, Nikoloz"]
[Result "1-0"]
[WhiteElo "2355"]
[BlackElo "2215"]

1.d4 Nf6 2.Nf3 g6 3.c4 Bg7 4.g3 O-O 5.Bg2 d6 6.O-O Nc6 7.d5 Na5 8.Nfd2 c5
9.Nc3 a6 10.Qc2 Rb8 11.b3 b5 12.Bb2 bxc4 13.bxc4 Bh6 14.f4 e5 15.Rae1 exf4
16.gxf4 Nh5 17.e3 Bg7 18.Nd1 Bf5 19.Be4 Bxb2 20.Nxb2 Rxb2 21.Qxb2 Nxc4 22.Nxc4 Bxe4
23.Nd2 Bxd5 24.e4 Ba8 25.f5 d5 26.Qc3 Qg5+ 27.Kh1 dxe4 28.Re3 Rd8 29.Nc4 Nf4
30.Qb2 Qxf5 31.Qb6 Qg5 32.Rg1 Rd1 33.Qb8+ Kg7 34.Qb2+ f6 35.Rxd1 Nd5 36.Rg3 Qh5
37.Ne3 Nxe3 38.Rd7+ Kh6 39.Rxe3 Bd5 40.Qd2  1-0

[Event "Wch U16"]
[Site "Oropesa del Mar"]
[Date "1998.11.03"]
[Round "8"]
[White "Vavrak, Peter"]
[Black "Mista, Aleksander"]
[Result "1-0"]
[WhiteElo "2200"]
[BlackElo "2255"]

1.d4 Nf6 2.Nf3 g6 3.c4 Bg7 4.g3 O-O 5.Bg2 d6 6.O-O Nc6 7.d5 Na5 8.Qa4 c5
9.Bd2 b6 10.Bc3 Rb8 11.Nbd2 e5 12.e4 Nh5 13.b4 Bd7 14.Qa3 Nb7 15.Rab1 Qc7
16.Ne1 cxb4 17.Bxb4 Nc5 18.Nd3 a5 19.Bxc5 bxc5 20.Rxb8 Rxb8 21.Rb1 Rxb1+
22.Nxb1 Qb6 23.Nc3 f5 24.Qb3 Qxb3 25.axb3 Nf6 26.Kf1 fxe4 27.Nxe4 Bf5 28.f3 Nxe4
29.fxe4 Bg4 30.h3  1-0

[Event "Wch U16"]
[Site "Oropesa del Mar"]
[Date "1998.11.03"]
[Round "8"]
[White "Tran Ngoc Thach"]
[Black "Flores, Diego"]
[Result "0-1"]
[WhiteElo "2275"]
[BlackElo "2205"]

1.d4 Nf6 2.c4 g6 3.Nf3 Bg7 4.g3 O-O 5.Bg2 d6 6.Nc3 c5 7.h3 Nc6 8.Be3 cxd4
9.Nxd4 Bd7 10.O-O Qc8 11.Nxc6 bxc6 12.Kh2 Rb8 13.Qd2 Qb7 14.b3 Qb4 15.Rac1 c5
16.Rfd1 a5 17.Bg5 a4 18.Bxf6 Bxf6 19.Nd5 Qxd2 20.Nxf6+ Kg7 21.Rxd2 Kxf6 22.bxa4 Bxa4
23.Rc3 Rb4 24.Bd5 e6 25.Bf3 Ke7 26.g4 Rfb8 27.Kg3 R8b6 28.h4 h6 29.e3 Bc6
30.a3 Rb1 31.Bd1 Ra1 32.f3 Ra6 33.Rdd3 Rb6 34.Rd2 Bb7 35.Ba4 Ra6 36.Rcd3 Rxa4
37.Rxd6 Kf6 38.Rd7 Bc6 39.Rc7 Ra6 40.Rd6 Bb5 41.Rd8 Bxc4 42.Rxc5 Bb3 43.g5+ hxg5
44.hxg5+ Ke7 45.Rb8 R6xa3 46.Rc7+ Kd6 47.Rxf7 Bd5 48.Rd8+ Ke5 49.Rg8 Rxe3
50.Rxg6 Be4 51.Rgf6 Bf5 52.g6 Raa3 53.g7 Rxf3+ 54.Kg2 Rg3+ 55.Kf2 Raf3+ 56.Ke1 Rg1+
57.Ke2 Rfg3  0-1

[Event "Chigorin mem"]
[Site "St. Petersburg"]
[Date "1998.11.03"]
[Round "4"]
[White "Kharitonov, Andrei Y"]
[Black "Sivokho, Sergey"]
[Result "1/2-1/2"]
[WhiteElo "2570"]
[BlackElo "2425"]

1.d4 Nf6 2.Nf3 g6 3.g3 Bg7 4.Bg2 O-O 5.c4 d6 6.O-O Nbd7 7.Nc3 e5 8.e4 a6
9.Re1 exd4 10.Nxd4 Ng4 11.Qxg4 Bxd4 12.Qd1 Bg7 13.Qc2 Ne5 14.b3 Bg4 15.Bb2 c6
16.Nd1 Bf3 17.Ne3 Qf6 18.Bxe5 dxe5 19.c5  1/2-1/2

[Event "Wch U18 Girls"]
[Site "Oropesa del Mar"]
[Date "1998.11.04"]
[Round "9"]
[White "Xu Yuanyuan"]
[Black "Sheldon, Ruth"]
[Result "0-1"]
[WhiteElo "2240"]
[BlackElo "2220"]

1.d4 Nf6 2.c4 g6 3.g3 Bg7 4.Bg2 O-O 5.Nf3 d6 6.O-O c6 7.Nc3 Qa5 8.e4 Bg4
9.h3 Bxf3 10.Qxf3 Nfd7 11.Be3 Qb4 12.Rfc1 Qxb2 13.Rab1 Qa3 14.Bf1 c5 15.Rxb7 cxd4
16.Rb3 Qa5 17.Rb5 Qd8 18.e5 Nc6 19.Qxc6 Nxe5 20.Qe4 dxc3 21.f4 Nd7 22.Bg2 Rb8
23.Bxa7 Nc5 24.Qd5 Rc8 25.Bb6 Qe8 26.Qd1 Nd7 27.Bd4 Rxc4 28.Bxg7 Kxg7 29.Bf1 Rc7
30.Rxc3 Rxc3 31.Qd4+ Kg8 32.Qxc3 Nc5 33.Qb2 Qa8 34.Bg2 Qa7 35.Kh2 Rc8 36.Bd5 Na4
37.Qd2 Nc3 38.Rb7 Qc5 39.Bg2 e6 40.Rd7 d5 41.f5 exf5 42.h4 Qc6 43.Re7 Ne4
44.Qf4 h5 45.a4 Qxa4 46.g4 hxg4 47.Bxe4 dxe4  0-1

[Event "Wch U16 Girls"]
[Site "Oropesa del Mar"]
[Date "1998.11.06"]
[Round "10"]
[White "Goczo, Melinda"]
[Black "Groberman, Elina"]
[Result "1/2-1/2"]
[WhiteElo "2185"]
[BlackElo "2100"]

1.d4 Nf6 2.Nf3 g6 3.c4 Bg7 4.g3 O-O 5.Bg2 d6 6.O-O c6 7.Nc3 Qa5 8.e4 Bg4
9.h3 Bxf3 10.Bxf3 e5 11.d5 cxd5 12.cxd5 Rc8 13.Rb1 Nbd7 14.b4 Qd8 15.Qb3 Nb6
16.Be2 h5 17.Be3 Kh7 18.g4 hxg4 19.hxg4 Bh6 20.Bxh6 Kxh6 21.Kg2 Kg7 22.Rbc1 Nxg4
23.Bxg4 Qg5 24.f3 f5 25.Ne2 fxg4 26.f4 Qe7 27.f5 Qg5 28.Qd3 Rxc1 29.Rxc1 gxf5
30.exf5 Rc8 31.Rxc8 Nxc8 32.Ng3 Qh4 33.f6+ Kf7 34.Ne4 Qh3+ 35.Qxh3 gxh3+
36.Kxh3 Nb6 37.Nxd6+ Kxf6 38.Nxb7 Nxd5 39.a3 Kf5 40.Kg3 e4 41.Na5 a6 42.Nb3 Ke5
43.Nc5 Nc7 44.Kf2 Kd4 45.Ke2 Nb5 46.Nxa6 Nxa3 47.Nc5 Nc2 48.Nxe4 Nxb4  1/2-1/2

[Event "Wch U16"]
[Site "Oropesa del Mar"]
[Date "1998.11.06"]
[Round "10"]
[White "Tran Ngoc Thach"]
[Black "Khruschiov, Alexey"]
[Result "0-1"]
[WhiteElo "2275"]
[BlackElo "2210"]

1.d4 Nf6 2.Nf3 g6 3.c4 Bg7 4.g3 O-O 5.Bg2 d6 6.Nc3 Nbd7 7.O-O c6 8.e4 e5
9.h3 Ne8 10.dxe5 dxe5 11.b4 Nc7 12.Be3 Ne6 13.c5 Qc7 14.Na4 Rd8 15.Qb3 Nd4
16.Bxd4 exd4 17.Nb2 b6 18.Rac1 bxc5 19.bxc5 Rb8 20.Qa3 Rb5 21.Rfd1 Ra5 22.Na4 Nf8
23.Nd2 Ba6 24.Rb1 Ne6 25.Qb4 Bb5 26.Nb2 Rxa2 27.Ndc4 Bf8 28.Nd6 Bxd6 29.cxd6 Qxd6
30.Qd2 c5 31.Qc1 Qa6 32.Bf1 Bxf1 33.Rxf1 Ra3 34.h4 Rb8 35.h5 Rbb3 36.hxg6 hxg6
37.Kg2 Qe2 38.Re1 Rxg3+  0-1

[Event "Chigorin mem"]
[Site "St. Petersburg"]
[Date "1998.11.06"]
[Round "6"]
[White "Vaulin, Alexander"]
[Black "Klimov, Sergey"]
[Result "1-0"]
[WhiteElo "2550"]
[BlackElo "2370"]

1.d4 Nf6 2.Nf3 g6 3.c4 Bg7 4.g3 O-O 5.Bg2 d6 6.O-O Nbd7 7.Nc3 e5 8.e4 exd4
9.Nxd4 Nc5 10.h3 Re8 11.Re1 a5 12.b3 c6 13.Bf4 a4 14.Rb1 axb3 15.axb3 h6
16.Qc2 Nfd7 17.Red1 Ne5 18.Be3 Qe7 19.f4 Ned7 20.Bf2 Nf6 21.Re1 Nh5 22.Rbd1 Ra3
23.b4 Ne6 24.Nde2 g5 25.e5 gxf4 26.exd6 Qg5 27.d7 Bxd7 28.Rxd7 fxg3 29.Bb6 c5
30.Rf1 Nd4 31.Qd1 Nxe2+ 32.Nxe2 Ra2 33.Nc1 Qe3+ 34.Kh1 Rxg2 35.Kxg2 Qe4+
36.Qf3 Nf4+ 37.Kxg3 Qg6+ 38.Kh2 Qxb6 39.Qxb7 Qg6 40.Rxf4 Be5 41.Rxf7 Rd8
42.Qg2 Rd2 43.Qxd2 Qxf7  1-0

[Event "GER-ch"]
[Site "Bremen"]
[Date "1998.11.07"]
[Round "2"]
[White "Jussupow, Artur"]
[Black "Kindermann, Stefan"]
[Result "1-0"]
[WhiteElo "2640"]
[BlackElo "2540"]

1.d4 Nf6 2.c4 g6 3.Nf3 Bg7 4.g3 O-O 5.Bg2 d6 6.O-O Nc6 7.Nc3 a6 8.d5 Na5
9.Nd2 c5 10.Rb1 Rb8 11.b3 b5 12.Bb2 e5 13.dxe6 fxe6 14.Nde4 bxc4 15.Nxd6 cxb3
16.axb3 Rxb3 17.Na4 Qc7 18.Rc1 Rd8 19.Rxc5 Qxd6 20.Qxd6 Rxd6 21.Rxc8+ Kf7
22.Be5 Rd2 23.Nc5 Rb5 24.Rc7+ Kg8 25.Bh3 Rd8 26.Rxg7+ Kxg7 27.Nxe6+ Kg8 28.Bxf6 Rdb8
29.Bc3 Nc6 30.Nd4 Nxd4 31.Bxd4 Rb1 32.e3 Kf7 33.Bd7 a5 34.Bc6 Ke6 35.e4 a4
36.Bd5+ Kd6 37.Rxb1 Rxb1+ 38.Kg2 a3 39.Bg7 Rb8 40.Kf3 Kc5 41.Ke3 Ra8  1-0

[Event "Chigorin mem"]
[Site "St. Petersburg"]
[Date "1998.11.07"]
[Round "7"]
[White "Burmakin, Vladimir"]
[Black "Sivokho, Sergey"]
[Result "1/2-1/2"]
[WhiteElo "2560"]
[BlackElo "2425"]

1.d4 Nf6 2.Nf3 g6 3.c4 Bg7 4.g3 d6 5.Bg2 O-O 6.O-O Nbd7 7.Nc3 e5 8.h3 a6
9.Re1 Rb8 10.e4 exd4 11.Nxd4 Ne5 12.Qe2 c5 13.Nc2 Be6 14.Ne3 Nc6 15.Ned5 Nd4
16.Qd1 Nd7 17.Ne2 b5 18.cxb5 axb5 19.Be3 Nxe2+ 20.Rxe2 Ne5 21.Rb1 Nc6 22.b3 Nd4
23.Bxd4 Bxd4 24.Ne3 Qb6 25.Kh2 Rfd8 26.Qd2 Qa7 27.Rd1 Bg7 28.Nd5 c4 29.Qb4 Qc5
30.Qxc5 dxc5 31.bxc4 bxc4 32.e5 Kf8 33.f4 Rd7 34.Ne3 Rd3 35.Rc1 Rb4 36.Be4 Ra3
37.Nd5 Bxd5 38.Bxd5 c3 39.Rcc2 Rd4 40.Bc6 f6 41.exf6 Bxf6 42.Kg2 Rd6 43.Be4  1/2-1/2

[Event "Budapest FS11 IM-A"]
[Site "Budapest"]
[Date "1998.11.09"]
[Round "3"]
[White "Molnar, Laszlo"]
[Black "Farago, Sandor"]
[Result "1-0"]
[WhiteElo "2330"]
[BlackElo "2335"]

1.d4 Nf6 2.c4 g6 3.Nf3 Bg7 4.g3 d6 5.Bg2 O-O 6.O-O c6 7.Nc3 a6 8.b3 b5 9.Bb2 Bb7
10.Qc2 Nbd7 11.Rad1 Qa5 12.e4 e5 13.a4 b4 14.Na2 Rfe8 15.Nd2 exd4 16.Bxd4 c5
17.Ba1 Qc7 18.Rfe1 Re7 19.Nc1 Rae8 20.Nd3 g5 21.f3 Nf8 22.Nf1 g4 23.fxg4 Nxe4
24.Bxg7 Kxg7 25.Ne3 Kh8 26.Nf5 Nc3 27.Rxe7 Rxe7 28.Nxe7 Bxg2 29.Nf5 Bf3 30.Qd2 Bxd1
31.Qh6 Ne6 32.Nf4 Ne2+ 33.Nxe2 Bxe2 34.Qf6+ Kg8 35.Ne7+ Kf8 36.Nd5 Ke8 37.Nxc7+ Nxc7
38.Qxd6 Ne6  1-0

[Event "SLO-chT"]
[Site "Bled"]
[Date "1998.11.10"]
[Round "4"]
[White "Brglez, Rado"]
[Black "Srebrnic, Vojko"]
[Result "1-0"]
[WhiteElo "2260"]
[BlackElo "2285"]

1.d4 d6 2.Nf3 g6 3.g3 Bg7 4.Bg2 Nf6 5.c4 O-O 6.Nc3 Nc6 7.O-O Bf5 8.d5 Na5
9.Nd2 c6 10.Nb3 cxd5 11.cxd5 Nxb3 12.Qxb3 Rb8 13.Nb5 Qa5 14.Be3 a6 15.Nd4 Bd7
16.h3 Rfc8 17.Rac1 b5 18.a3 Ne8 19.Qd3 Qd8 20.b3 Rxc1 21.Rxc1 Rc8 22.Nc6 Bxc6
23.Rxc6 Rxc6 24.dxc6 e6 25.a4 bxa4 26.bxa4 Nc7 27.Bb6 d5 28.e4 Qd6 29.Bxc7 Qxc7
30.exd5 exd5 31.Qxa6 d4 32.a5 d3 33.Qb6 d2 34.Qxc7 d1=Q+ 35.Kh2 Bd4 36.Qd8+ Kg7
37.c7 Qd2 38.c8=Q  1-0

[Event "Tanta op"]
[Site "Tanta"]
[Date "1998.11.16"]
[Round "1"]
[White "Jirovsky, Milos"]
[Black "Rahman, Yehya"]
[Result "1/2-1/2"]
[WhiteElo "2435"]
[BlackElo "2305"]

1.Nf3 g6 2.c4 Bg7 3.d4 d6 4.g3 Nf6 5.Bg2 O-O 6.O-O Nc6 7.Nc3 a6 8.b3 Rb8
9.Nd5 Bd7 10.Bb2 b5 11.Nxf6+ Bxf6 12.Rc1 Na5 13.Qd2 Nb7 14.c5 c6 15.cxd6 exd6
16.e4 Bg7 17.Rfd1 Rc8 18.e5 Be6 19.Ne1 Bd5 20.Bxd5 cxd5 21.Nd3 Qd7 22.Rxc8 Rxc8
23.Nb4 Qe6 24.Re1 a5 25.Nd3 Qf5 26.Qe2 h5 27.e6 fxe6 28.Qxe6+ Qxe6 29.Rxe6 Kf7
30.Re1 Rc2 31.Rc1 Rxc1+ 32.Nxc1 Nd8 33.Ne2 Nc6 34.f3 Bh6 35.Kg2 Ke6 36.f4 a4
37.bxa4 bxa4 38.Nc3 a3 39.Bxa3 Nxd4 40.Bb2 g5 41.fxg5 Bxg5 42.a4 Bd8 43.Kf2 Bb6
44.Ne2 Nc2+ 45.Kf1 Kf5 46.Nf4 Ke4 47.Ke2 h4 48.Nh5 hxg3 49.Nxg3+ Kf4 50.Nh5+ Kf5
51.Ng7+ Kg4 52.Kd2 Ne3 53.Kd3 Nc4 54.Bd4 Ba5 55.Ne8 Kh3 56.Nf6 Kxh2 57.Nxd5 Ne5+
58.Bxe5+ dxe5 59.Ke4 Kg3 60.Kxe5 Kg4 61.Kd4 Kf5 62.Kc5 Ke6 63.Kb5 Kxd5  1/2-1/2

[Event "Elgoibar"]
[Site "Elgoibar"]
[Date "1998.11.21"]
[Round "1"]
[White "Izeta Txabarri, Felix"]
[Black "Georgiev, Vladimir"]
[Result "1-0"]
[WhiteElo "2445"]
[BlackElo "2540"]

1.d4 Nf6 2.Nf3 g6 3.c4 d6 4.g3 Bg7 5.Bg2 O-O 6.Nc3 c6 7.O-O Qa5 8.e4 e5 9.h3 Nbd7
10.Re1 exd4 11.Nxd4 Ne5 12.Bf1 Re8 13.Be3 Be6 14.Nxe6 Rxe6 15.Kg2 Rae8 16.Qd2 a6
17.b4 Qd8 18.Rad1 Ned7 19.f3 Nh5 20.g4 Bxc3 21.Qxc3 Ng7 22.c5 dxc5 23.Qd2 R8e7
24.Bxc5 Qe8 25.Bxe7 Rxe7 26.Bc4 h5 27.Bb3 Kh7 28.Qd6 g5 29.Rd2 Ne5 30.Qf6 Ng6
31.Qxg5 Re5 32.Qd8 h4 33.Qxe8 Nxe8 34.Bxf7 Nf4+ 35.Kf2 Nf6 36.Ke3 Nxh3 37.Rh1 Ng5
38.Rxh4+ Kg7 39.Bb3 Re8 40.Kf4 Kg6  1-0

[Event "BL2-O9899"]
[Site "Germany"]
[Date "1998.11.22"]
[Round "2.1"]
[White "Ginsburg, Gennadij"]
[Black "Bezold, Michael"]
[Result "0-1"]
[WhiteElo "2495"]
[BlackElo "2490"]

1.d4 d6 2.Nf3 g6 3.c4 Bg7 4.g3 Nf6 5.Bg2 O-O 6.O-O a6 7.Nc3 Nc6 8.d5 Na5
9.Nd2 c5 10.Rb1 Rb8 11.a3 Qc7 12.Qc2 Bf5 13.e4 Bd7 14.Re1 Rfc8 15.Bf1 b5
16.b3 bxc4 17.Nxc4 Ng4 18.f4 Nxc4 19.Bxc4 Bb5 20.Nxb5 axb5 21.Bf1 Bd4+ 22.Kg2 Qa5
23.Qe2 Nf6 24.Rd1 Qa7 25.h3 Nd7 26.Kh2 Bg7 27.h4 b4 28.a4 c4 29.Be3 Qa8 30.Bh3 Rb7
31.bxc4 Qxa4 32.Bd4 Bxd4 33.Rxd4 Qa7 34.Rd2 Qc5 35.e5 Qxc4 36.e6 Qxe2+ 37.Rxe2 fxe6
38.Bxe6+ Kf8 39.f5 Rc4 40.fxg6 hxg6 41.Rf2+ Nf6 42.g4 Ke8 43.g5 Ng4+ 44.Bxg4 Rxg4
45.Kh3 Rd4 46.h5 gxh5 47.Rg1 Rc7 48.Rg3 Rc3 49.Rxc3 bxc3 50.Rc2 Rc4  0-1

[Event "Max Wilkerson"]
[Site "San Francisco"]
[Date "1998.11.24"]
[Round "6"]
[White "Vucic, Mladen"]
[Black "Pinto, Mark"]
[Result "1-0"]
[WhiteElo "2385"]
[BlackElo "2165"]

1.d4 g6 2.Nf3 Bg7 3.c4 Nf6 4.g3 O-O 5.Bg2 d6 6.O-O c6 7.Nc3 Qa5 8.h3 Be6
9.d5 cxd5 10.Nd4 dxc4 11.Nxe6 fxe6 12.Bxb7 Nbd7 13.Bxa8 Rxa8 14.Bd2 Qh5 15.Kg2 d5
16.Be3 Qf5 17.f3 h5 18.Qd2 Nh7 19.Rad1 a5 20.g4 Qf7 21.a4 Ne5 22.Bd4 Nc6
23.Bxg7 Kxg7 24.Nb5 Rd8 25.b3 Qf6 26.bxc4 dxc4 27.Qc3 Rxd1 28.Rxd1 Ne5 29.Rf1 g5
30.e3 Nf8 31.f4 gxf4 32.Rxf4  1-0

[Event "AUT2W-chT 9899"]
[Site "AUT"]
[Date "1998.11.28"]
[Round "3.6"]
[White "Gasser, Klaus"]
[Black "Eiler, Gebhard"]
[Result "1-0"]
[WhiteElo "2060"]
[BlackElo "2080"]

1.Nf3 g6 2.c4 Bg7 3.d4 Nf6 4.g3 d6 5.Bg2 O-O 6.O-O Nbd7 7.Nc3 e5 8.e4 c6
9.h3 Qb6 10.Rb1 Qb4 11.dxe5 dxe5 12.Qe2 Qe7 13.Be3 Ne8 14.b4 f5 15.Bg5 Qf7
16.Bd2 Nc7 17.Ng5 Qe7 18.b5 h6 19.Nf3 Kh7 20.exf5 gxf5 21.Nh4 Nb8 22.Na4 Rf7
23.Qh5 Rf6 24.g4 Qf7 25.Qxf7 Rxf7 26.Nxf5 Be6 27.Be4 Kh8 28.bxc6 bxc6 29.Bxh6 Bxh6
30.Nxh6 Rf4 31.f3 Bxc4 32.Rfd1 Bd5 33.Bxd5 Nxd5 34.Nc5 Rf6 35.Nf5 a5 36.Rb7 Na6
37.Nxa6 Rxa6 38.Rdb1 c5 39.Rb8+ Kh7 40.R1b7+  1-0

[Event "AUT2W-chT 9899"]
[Site "AUT"]
[Date "1998.11.29"]
[Round "4.1"]
[White "Bachmayr, Peter"]
[Black "Doskocil, Klaus"]
[Result "1-0"]
[WhiteElo "2375"]
[BlackElo "2180"]

1.d4 Nf6 2.c4 d6 3.Nf3 g6 4.g3 Bg7 5.Bg2 O-O 6.O-O Nbd7 7.Nc3 Re8 8.h3 e5
9.e4 exd4 10.Nxd4 c6 11.Re1 a5 12.Bf4 Nc5 13.Nb3 Nxb3 14.axb3 Bf8 15.Qc2 Nh5
16.Be3 Bd7 17.Na4 c5 18.Nc3 Bc6 19.Rad1 Qf6 20.Re2 Ng7 21.Nd5 Bxd5 22.cxd5 b5
23.f4 Nh5 24.Kh2 a4 25.Rf1 a3 26.bxa3 Rxa3 27.Bc1 Ra5 28.e5 Qe7 29.e6 f5
30.Bf3 Nf6 31.g4 fxg4 32.hxg4 Bg7 33.g5 Nh5 34.Kg2 Rc8 35.f5 Be5 36.Bxh5 gxh5
37.f6 Qb7 38.f7+ Kg7 39.Rxe5 dxe5 40.Qe4 Ra2+ 41.Kg1 Qc7 42.Qf5  1-0